| 000 | 00910nam a2200325Ia 4500 | ||
|---|---|---|---|
| 001 | 2180 | ||
| 003 | IT-RoPAU | ||
| 008 | 130308s9999 xx 000 0 und d | ||
| 040 | _aIT-RoPAU | ||
| 040 | _cIT-RoPAU | ||
| 041 | _aFRANCESE | ||
| 100 | _aCahierre Loic | ||
| 100 | _gCodice Aut. SPICS: 8628 | ||
| 245 | _aImprimerie industrielle (L') | ||
| 245 | _bChose imprimee (La) | ||
| 250 | _a1a ed. | ||
| 260 | _aPARIS | ||
| 260 | _bRetz/Cepl | ||
| 260 | _c1977 [1° Ed.:1977 - Ed.Ling.Originale:1977] | ||
| 300 | _a"23 p. (prefazione: no ; testo: 23 [pagine: 259-281])" | ||
| 500 | _aStampa Industriale Stampe tipografiche rotative tipografiche Stampe Offsetrotative Helio | ||
| 650 | _aENCICLOPEDIE SULL'EDITORIA | ||
| 650 | _eCodice materia Spics: 6601 | ||
| 700 | _aPonot René | ||
| 700 | _gCodice Aut. SPICS: 2424 | ||
| 942 | _cBK | ||
| 957 | _71 | ||
| 999 |
_c49289 _d49289 |
||
| 999 | _bSI | ||
| 999 | _g1 | ||